Catàleg del Col·legi de Periodistes de Catalunya

Nèstor Luján (Registre núm. 2983)

000 -CABECERA
Longitud fija campo de control 00494nam a2200181 a 4500
001 - NÚMERO DE CONTROL
Número de control 2983
003 - IDENTIFICADOR DEL NÚMERO DE CONTROL
Identificador del número de control CDMR
005 - FECHA Y HORA DE LA ÚLTIMA TRANSACCIÓN
Fecha y hora de la última transacción 20140223010601.0
008 - CÓDIGOS DE INFORMACIÓN DE LONGITUD FIJA
Códigos de información de longitud fija 130130s2004||||||||||||||||||||||||||||d
020 ## - NÚMERO INTERNACIONAL NORMALIZADO PARA LIBROS
Número Internacional Normalizado para Libros (ISBN) 8466405054
040 ## - FUENTE DE LA CATALOGACIÓN
Centro catalogador de origen CDMR
Lengua de catalogación cat
Centro transcriptor CDMR
100 1# - PUNTO DE ACCESO PRINCIPAL-NOMBRE DE PERSONA
9 (RLIN) 2195
Nombre de persona Pons, Agustí
245 10 - MENCIÓN DE TÍTULO
Título Nèstor Luján
Resto del título : el periodisme liberal
Mención de responsabilidad, etc. Agustí Pons
260 ## - PUBLICACIÓN, DISTRIBUCIÓN, ETC. (PIE DE IMPRENTA)
Lugar de publicación, distribución, etc. Barcelona
Fecha de publicación, distribución, etc. 2004
Nombre del editor, distribuidor, etc. Columna
490 0# - MENCIÓN DE SERIE
Mención de serie Biografies (Columna)
Designación de volumen o secuencia 4
650 04 - PUNTO DE ACCESO ADICIONAL DE MATERIA - TÉRMINO DE MATERIA
9 (RLIN) 3139
Término de materia o nombre geográfico como elemento inicial Periodistes catalans
Subdivisión de forma Biografia
942 ## - ENTRADA DE ELEMENTOS AGREGADOS (KOHA)
Koha [por defecto] tipo de item Monografies
Fuente de clasificaión o esquema
Fons
Suprimido Perdido Estropeado No para préstamo Localización permanente Localización actual Fecha adquisición Préstamos totales Signatura completa Código de barras Fecha última consulta Fecha del precio de reemplazo Tipo de item de Koha
        Centre de Documentació Montserrat Roig Centre de Documentació Montserrat Roig 2013-01-16   Du 1/6 CDMR13108092 2013-01-16 2013-01-16 Monografies

Implantat amb Koha